000 00218nam a22000857a 4500
008 160624b xxu||||| |||| 00| 0 eng d
100 _91025
_aDesbarats, P
245 _aColin and the Computer
260 _aToronto
_bCanadiah
_c1985
999 _c822
_d822